000 00577nam a2200181Ia 4500
008 090123s9999 xx 000 0 und d
082 _b4259
100 _aमहाजन जगन्नाथ
245 _aजादूचा गालिचा
250 _a1
260 _bश्रीराम प्रकाशन
_c1976
300 _a32
600 _aमहाजन जगन्नाथ
630 _aजादूचा गालिचा
700 _aमहाजन जगन्नाथ
730 _aजादूचा गालिचा
942 _cBOOK
999 _c42334
_d42334